Móricz Zsigmon Úri muri, avagy a Túri muri (?)

Elmentve itt :
Bibliográfiai részletek
Szerző: Csider Veronika
További közreműködők: Bene Kálmán (Témavezető)
Dokumentumtípus: Szakdolgozat
Megjelent: 2009
Tárgyszavak:
Online Access:http://diploma.bibl.u-szeged.hu/95509
LEADER 00656nta a2200181 i 4500
001 dipl95509
005 20201207081428.0
008 201205s2009 hu om 0|| zxx d
040 |a SZTE Diploma Repozitórium  |b hun 
041 |a zxx 
100 1 |a Csider Veronika 
245 1 0 |a Móricz Zsigmon Úri muri, avagy a Túri muri (?)  |h [elektronikus dokumentum] /  |c Veronika Csider 
246 1 0 |a Gentry Skylarking from Móricz Zsigmond  |h [elektronikus dokumentum] 
260 |c 2009 
650 4 |a Pedagógusképzés 
650 4 |a Humanities 
700 1 |a Bene Kálmán  |e ths 
856 4 0 |u http://diploma.bibl.u-szeged.hu/id/eprint/95509/1/2009_csider_veronika.pdf  |z Dokumentum-elérés